000 00821nam 22002413 4500
001 199203
021 _aPT
_b213017/04
090 _a199203
100 _a20251121d u||y0pory50 ba
101 _apor
102 _aPT
200 _aFichas para a "História do direito pátrio"
_fJosé Joaquim Lopes Praça
_gedição Maria Margarida Nunes Mexia de Mendia
210 _aLisboa
_c[s.n.]
_d2004-2005
215 _a2 v.
_cbrochado
_d24 cm
330 _a1º v.: Séculos XIV, XV, XVI, XVII e XVIII. - 738 p. . - 2º v. : XVIII e XIX. - 568 p.
606 _97813
_aDireito
610 _aHistória do direito
675 _a34(091)(048)
_vPT
_zpor
700 _915103
_aPraça
_bJosé Joaquim Lopes
_f1844-1920
702 _94789
_aMendia
_bMaria Margarida Nunes Mexia de
801 _aPT
_bBMMN
_gRPC
830 _cAna
_fAna
990 _cLIVROS